[Event "Cluj GP Rapid"]
[Site "Cluj"]
[Date "2024.06.14"]
[Round "6"]
[White "Maria, Lia Alexandra"]
[Black "Farcas, Doru Marius"]
[Result "0-1"]
[WhiteElo "2012"]
[BlackElo "1963"]
[PlyCount "68"]
[EventDate "2024.06.13"]
[EventType "swiss (rapid)"]
[EventRounds "10"]
[EventCountry "ROU"]
[SourceTitle "CBM 220 Extra"]
[Source "ChessBase"]
[SourceDate "2024.07.31"]
[SourceVersion "1"]
[SourceVersionDate "2024.07.31"]
[SourceQuality "1"]

1. e4 c6 2. d4 d5 3. Nc3 dxe4 4. Nxe4 Nf6 5. Nxf6+ exf6 6. Bc4 Bd6 7. Qe2+ Qe7 8. Qxe7+ Kxe7 9. Be3 Be6 10. Bd3 Nd7 11. Ne2 Nb6 12. a3 Nc4 13. Bc1 b5 14. 0-0 Rhd8 15. b3 Nb6 16. Bb2 a5 17. Rfc1 b4 18. c4 bxc3 19. Rxc3 Kd7 20. Rac1 Rdc8 21. Bc4 Nd5 22. Rd3 Rab8 23. Ng3 f5 24. Rf3 g6 25. Ne2 Nb6 26. Ba6 Rc7 27. Rh3 h5 28. Kf1 f4 29. Rf3 g5 30. h4 f6 31. Rfc3 Nd5 32. Rf3 Bg4 33. Rd3 Bf5 34. Rg3 fxg3 0-1

[Event "Cluj GP Rapid"]
[Site "Cluj"]
[Date "2024.06.13"]
[Round "2"]
[White "Filev, Georgi"]
[Black "Farcas, Doru Marius"]
[Result "1-0"]
[WhiteElo "2210"]
[BlackElo "1963"]
[PlyCount "32"]
[EventDate "2024.06.13"]
[EventType "swiss (rapid)"]
[EventRounds "10"]
[EventCountry "ROU"]
[SourceTitle "CBM 220 Extra"]
[Source "ChessBase"]
[SourceDate "2024.07.31"]
[SourceVersion "1"]
[SourceVersionDate "2024.07.31"]
[SourceQuality "1"]

1. e4 c6 2. d4 d5 3. e5 Bf5 4. Nf3 e6 5. Be2 c5 6. Be3 Qb6 7. Nc3 a6 8. 0-0 Nd7 9. Na4 Qa5 10. Nxc5 Nxc5 11. dxc5 Bxc5 12. Nd4 Ne7 13. Nb3 Qc7 14. Bxc5 b6 15. Bxe7 Kxe7 16. Nd4 Qxe5 1-0

[Event "Satu Mare Szabo Memorial"]
[Site "Satu Mare"]
[Date "2019.08.06"]
[Round "7"]
[White "Szegedy, Matyas"]
[Black "Farcas, Doru Marius"]
[Result "1/2-1/2"]
[WhiteElo "1854"]
[BlackElo "1973"]
[PlyCount "81"]
[EventDate "2019.08.02"]
[EventType "swiss"]
[EventRounds "9"]
[EventCountry "ROU"]
[SourceTitle "EXT 2021"]
[Source "ChessBase"]
[SourceDate "2020.10.23"]
[SourceVersion "1"]
[SourceVersionDate "2020.10.23"]
[SourceQuality "1"]

1. e4 c6 2. Nf3 d5 3. Nc3 Nf6 4. e5 Ne4 5. d4 Nxc3 6. bxc3 Bg4 7. h3 Bh5 8. Ba3 e6 9. Bxf8 Kxf8 10. Be2 Nd7 11. Nh2 Bxe2 12. Qxe2 Qa5 13. Qd3 Nb6 14. 0-0 Na4 15. c4 Nb2 16. Qb3 Nxc4 17. Qxb7 Rd8 18. Nf3 h6 19. Qxc6 Ke7 20. Rab1 Rd7 21. Rb5 Rc8 22. Qxc8 Qxb5 23. Qg8 g6 24. Qh8 Qb2 25. Qxh6 Qxc2 26. Qh4+ Ke8 27. Ng5 Nd2 28. Qh8+ Ke7 29. Nh7 Rd8 30. Qf6+ Ke8 31. Ng5 Qf5 32. Qxf5 exf5 33. Rd1 Ne4 34. Nxe4 fxe4 35. Kf1 Rc8 36. Ke2 Ke7 37. Rd2 Rc3 38. Rb2 Ke6 39. Rd2 f6 40. exf6 Kxf6 41. Rb2 1/2-1/2

[Event "ROM-ch"]
[Site "Cluj"]
[Date "2008.02.29"]
[Round "7"]
[White "Farcas, Doru Marius"]
[Black "Bonte, Andrei Mihai"]
[Result "0-1"]
[WhiteElo "2104"]
[BlackElo "2322"]
[PlyCount "104"]
[EventDate "2008.02.25"]
[EventType "swiss"]
[EventRounds "9"]
[EventCountry "ROU"]
[SourceTitle "CBM 123 Extra"]
[Source "ChessBase"]
[SourceDate "2008.05.06"]
[SourceVersion "1"]
[SourceVersionDate "2008.05.06"]
[SourceQuality "1"]

1. f4 d5 2. Nf3 g6 3. e3 Bg7 4. Be2 Nh6 5. 0-0 0-0 6. d4 Nd7 7. c4 dxc4 8. Bxc4 c5 9. Nc3 Nb6 10. Bb3 cxd4 11. Nxd4 Nf5 12. Nxf5 Bxf5 13. Qf3 Qc7 14. e4 Bd7 15. f5 Nc4 16. Kh1 Ne5 17. Qg3 Bc6 18. Bf4 Qa5 19. Nd5 Bxd5 20. Bxd5 Qc7 21. Rac1 Qd6 22. Rcd1 Qc7 23. Rc1 Qb8 24. Bb3 a5 25. Rc5 a4 26. Bc4 b5 27. Rxb5 Qc8 28. Bd5 Qa6 29. Bxe5 Qxb5 30. Rg1 Bxe5 31. Qxe5 Rab8 32. Qxe7 Qxb2 33. Qg5 Qe5 34. Rf1 Kh8 35. Qg3 Qxg3 36. hxg3 f6 37. fxg6 hxg6 38. g4 Kg7 39. Kh2 Rb2 40. Rf3 Rc8 41. Ra3 Rcc2 42. e5 fxe5 43. Rxa4 Rd2 44. Ra5 Kf6 45. a4 Kg5 46. Kg3 Rd3+ 47. Bf3 Re3 48. Rc5 Kh6 49. Rc4 Ra2 50. Kh4 g5+ 51. Kg3 Kg7 52. Kh2 Rxf3 0-1

[Event "ROM-ch"]
[Site "Cluj"]
[Date "2008.02.28"]
[Round "6"]
[White "Balla, Tamas Kristof"]
[Black "Farcas, Doru Marius"]
[Result "1/2-1/2"]
[WhiteElo "2341"]
[BlackElo "2104"]
[PlyCount "93"]
[EventDate "2008.02.25"]
[EventType "swiss"]
[EventRounds "9"]
[EventCountry "ROU"]
[SourceTitle "CBM 123 Extra"]
[Source "ChessBase"]
[SourceDate "2008.05.06"]
[SourceVersion "1"]
[SourceVersionDate "2008.05.06"]
[SourceQuality "1"]

1. d4 f5 2. c4 Nf6 3. Nc3 e6 4. Bg5 Bb4 5. Qb3 c5 6. e3 0-0 7. Bd3 Qa5 8. Nge2 Nc6 9. 0-0 cxd4 10. exd4 Bxc3 11. bxc3 d6 12. Rfe1 Qc7 13. Bf4 Na5 14. Qb4 e5 15. dxe5 dxe5 16. Bg3 Nc6 17. Qb1 Nh5 18. Nd4 Nxg3 19. Nxc6 Qxc6 20. hxg3 e4 21. Bc2 Be6 22. g4 g6 23. Re3 Bxc4 24. gxf5 gxf5 25. Qb4 Rae8 26. Rae1 b5 27. a4 a6 28. Rh3 Rf7 29. Rd1 f4 30. Rd6 Qc7 31. Rd4 e3 32. Qb1 e2 33. Bxh7+ Rxh7 34. Qg6+ Kf8 35. Rxh7 e1Q+ 36. Kh2 Qxh7+ 37. Qxh7 Qe5 38. Qh6+ Ke7 39. Qh4+ Ke6 40. Qh3+ Kf7 41. Qh7+ Kf8 42. Qh6+ Ke7 43. Qh4+ Ke6 44. Qh3+ Kf6 45. Qh6+ Ke7 46. Qh4+ Ke6 47. Qh3+ 1/2-1/2

[Event "ROM-ch"]
[Site "Cluj"]
[Date "2008.02.28"]
[Round "5"]
[White "Farcas, Doru Marius"]
[Black "Moldovan, Daniel"]
[Result "1-0"]
[WhiteElo "2104"]
[BlackElo "2446"]
[PlyCount "61"]
[EventDate "2008.02.25"]
[EventType "swiss"]
[EventRounds "9"]
[EventCountry "ROU"]
[SourceTitle "CBM 123 Extra"]
[Source "ChessBase"]
[SourceDate "2008.05.06"]
[SourceVersion "1"]
[SourceVersionDate "2008.05.06"]
[SourceQuality "1"]

1. f4 c5 2. Nf3 Nc6 3. e3 g6 4. Bb5 Bg7 5. Bxc6 bxc6 6. c4 d6 7. 0-0 Nh6 8. Nc3 0-0 9. d3 Rb8 10. Qc2 f5 11. b3 Nf7 12. Bb2 e5 13. fxe5 Nxe5 14. Na4 Ng4 15. Rae1 Rb7 16. h3 Nf6 17. e4 fxe4 18. dxe4 Nh5 19. Bxg7 Rxg7 20. e5 Ng3 21. Rf2 Bf5 22. Qb2 Be4 23. exd6 Rgf7 24. Qe5 Rxf3 25. gxf3 Qh4 26. Rxe4 Nxe4 27. Qxe4 Qg3+ 28. Kf1 Qxd6 29. f4 Rf5 30. Nc3 Kg7 31. Ne2 1-0